La imagen inquieta: Juan Downey y Raúl Ruiz en contrapunto

में बचाया:
ग्रंथसूची विवरण
मुख्य लेखक: Pérez Villalón, Fernando (लेखक)
स्वरूप: पुस्तक
भाषा:स्पेनिश
प्रकाशित: Viña del Mar Catálogo 2016
संस्करण:1a. ed
श्रृंखला:Banda Aparte
विषय:
टैग: टैग जोड़ें
कोई टैग नहीं, इस रिकॉर्ड को टैग करने वाले पहले व्यक्ति बनें!

MARC

LEADER 00000cam a2200000 a 4500
001 UCD7349
003 CL-VaPUC
005 20240306160246.0
008 170317e20161000cl |||||||||||||||||spa|d
999 |c 367410  |d 367408 
020 |a 9789569720055 
040 |c Pontificia Universidad Católica de Valparaíso 
082 0 4 |a 701.18  |b PER  |2 21 
100 0 |a Pérez Villalón, Fernando  |e author  |9 591348 
245 1 3 |a La imagen inquieta: Juan Downey y Raúl Ruiz en contrapunto 
250 |a 1a. ed 
260 |a Viña del Mar  |b Catálogo  |c 2016 
300 |a 150 p 
490 0 |a Banda Aparte 
583 |a last modification  |c 20170317 22:16:00  |k Rodrigo Vera 
650 0 |a Imagen  |9 311402 
650 0 |a Estética   |9 264950 
650 0 |a Crítica e interpretación   |9 255042 
650 0 |a Filosofía del arte  |9 264951 
942 |c BK  |2 ddc 
945 |d 20170317 22:16:00  |a arojas 
952 |0 0  |1 0  |2 ddc  |3 erb  |4 0  |6 701_180000000000000_PER_2016  |7 0  |8 A  |9 482274  |a FDOSRS  |b FDOSRS  |i 5366399  |o 701.18 PER 2016  |p 5366399  |r 2023-01-11  |w 2019-11-24  |y BK  |z Catalogado en:20170317  |k ART 
952 |0 0  |1 0  |2 ddc  |3 erb  |4 0  |6 701_180000000000000_PER_2016  |7 0  |8 A  |9 482275  |a FDOSRS  |b FDOSRS  |i 5366402  |o 701.18 PER 2016  |p 5366402  |r 2023-01-11  |w 2019-11-24  |y BK  |z Catalogado en:20170317  |k ART